LEADER 01331nam a2200373 i 4500 001 991001481669707536 005 20020507194242.0 008 960911s1968 de ||| | ger 035 $ab10853418-39ule_inst 035 $aLE01312910$9ExL 040 $aDip.to Matematica$beng 082 0 $a512.22 084 $aAMS 14L35 084 $aAMS 15A72 084 $aAMS 20G05 100 1 $aSchur, Issai$056225 245 10$aVorlesungen uber Invariantentheorie /$cIssai Schur ; bearb. und hrsg. von Helmut Grunsky 260 $aBerlin :$bSpringer-Verlag,$c1968 300 $aviii, 134 p. ;$c24 cm. 490 0 $aGrundlehren der mathematischen Wissenschaften = A series of comprehensive studies in mathematics,$x0072-7830 ;$v143 500 $aBibliography: p. [131] 650 0$aClassical groups 650 0$aInvariants 650 0$aReprintings of classics 650 0$aTensor algebra 650 0$aTheory of invariants 650 0$aVector algebra 700 1 $aGrunsky, Helmut 907 $a.b10853418$b23-02-17$c28-06-02 912 $a991001481669707536 945 $aLE013 15-XX SCH21 (1968)$g1$i2013000059570$lle013$o-$pE0.00$q-$rl$s- $t0$u0$v0$w0$x0$y.i10965026$z28-06-02 996 $aVorlesungen uber Invariantentheorie$9341418 997 $aUNISALENTO 998 $ale013$b01-01-96$cm$da $e-$fger$gde $h0$i1 LEADER 01049nas 22002893a 450 001 996209686803316 005 20240413014452.0 035 $a(CKB)1000000000557296 035 $a(CONSER)sn 77010819 035 $a(EXLCZ)991000000000557296 100 $a20790709b19151920 uy b 101 0 $apor 200 00$aAtlantida 210 $aLisboa $c[Pedro Bordallo Pinheiro$d1915-1920] 215 $a1 online resource 300 $aSubtitle varies, v. 1-9: Mensario artistico, literario e social para Portugal e Brazil; v. 10-12: Orga?o do pensamento latino no Brasil e em Portugal. 300 $aTitle from cover. 311 08$aPrint version: Atlantida (Lisbon, Portugal) (DLC)sn 77010819 (OCoLC)5148989 607 $aPortugal$xCivilization$vPeriodicals 607 $aBrazil$xCivilization$vPeriodicals 607 $aPortugal$xIntellectual life$vPeriodicals 607 $aBrazil$xIntellectual life$vPeriodicals 906 $aJOURNAL 912 $a996209686803316 920 $aexl_impl conversion 996 $aAtlántida$9892289 997 $aUNISA